000 00465nam a2200133Ia 4500
003 GCL
008 140319s9999 xx 000 0 ara d
040 _aGCL /
_cGCL
082 0 4 _a150
_bع د
100 1 _aعبدالرحمن عيسوى
245 1 0 _aدراسات فى تطور الفكر الانسانى وتاريخ علم النفس الحديث /
_cعبدالرحمن عيسوى
300 _a353 ص
490 _aالهيئة العامة للاستعلامات
_v0
999 _c49294
_d49294